| 000 | 00645nam a22001817a 4500 | ||
|---|---|---|---|
| 999 |
_c18367 _d18367 |
||
| 003 | AR-CdUCM | ||
| 008 | 190513b ||||| |||| 00| 0 sp d | ||
| 040 |
_aMUNICIPALIDAD PROVINCIAL DEL CUSCO _cBIBLIOTECA MUNICIPAL DEL CUSCO |
||
| 082 |
_a985.009 / _bR75 |
||
| 100 |
_aRizo Patron, Carlos Neuhaus _938906 |
||
| 245 | _aLa mariscala Gamarra / | ||
| 260 |
_aLima : _bMonterrico, _c1987. |
||
| 300 |
_a64 paginas ; _c22 cm. |
||
| 505 | _aUn matrimonio entre monjas y medianoche .-- Un romance con bolivar --La conquista de Paria --Ustedes mis cholos contra mi ... | ||
| 650 |
_aMariscala Gamarra. _938907 |
||
| 942 |
_2ddc _cLIBROS |
||
| 945 | _awfj | ||